The PN junction diode /

Gespeichert in:
Bibliographische Detailangaben
Weitere Verfasser: Neudeck, G.W (Zusammenstellung)
Format: Buch
Sprache:Englisch
Veröffentlicht: Reading : Addison-Wesley, 1989
Tags: Tag hinzufügen
Keine Tags, Fügen Sie das erste Tag hinzu!

MARC

LEADER 00000nam a22000003a 4500
001 stu3445
005 20150617225619.7
008 930331s1989----xxu-----------------eng-d
040 |a STU  |b slo 
041 0 |a eng 
044 |a xxu 
080 |a 621.38 
100 1 |a Neudeck, G.W  |4 com 
245 1 |a The PN junction diode /  |c Edit.: Neudeck,G.W 
260 |a Reading :  |b Addison-Wesley,  |c 1989 
996 |b E68130  |c E*68130  |l EE11  |s P  |a 0  |w stu3445_0001